[Event "Champ FRA - Under 12"]
[Site "Europe Echecs"]
[Date "2020.07.08"]
[Round "6"]
[White "DurandBenmouss"]
[Black "PoulainEmilien"]
[Result "1-0"]
[WhiteElo "1558"]
[BlackElo "1322"]
[PlyCount "85"]
[EventDate "2020.??.??"]

1. e4 d6 2. d4 Nf6 3. Nc3 g6 4. Be3 Bg7 5. h3 c6 6. f4 b5 7. e5 Nfd7 8. a3 Bb7
9. Nf3 O-O 10. e6 fxe6 11. Ng5 Rf7 12. Nxf7 Kxf7 13. Ne4 e5 14. Ng5+ Kg8 15.
Qg4 Qf8 16. Qe6+ Kh8 17. Nf7+ Kg8 18. Nxe5+ Kh8 19. Nf7+ Kg8 20. Nxd6+ Kh8 21.
Nxb7 Qf6 22. Qxf6 Bxf6 23. Na5 Nb6 24. Bd3 Nd5 25. Ke2 Nxe3 26. Kxe3 Nd7 27.
Nxc6 Nb6 28. Be4 Nc4+ 29. Ke2 Nxb2 30. Ne5 Rc8 31. Rab1 Nc4 32. Rxb5 Nxa3 33.
Rc5 Rxc5 34. dxc5 Bxe5 35. fxe5 Nb5 36. c6 Nc7 37. Rd1 a5 38. Rd7 Nb5 39. Rxe7
a4 40. c4 Nc3+ 41. Ke3 a3 42. c7 a2 43. c8=Q# {PoulainEmilien est échec et mat
} 1-0

[Event "Champ FRA - Under 12"]
[Site "Europe Echecs"]
[Date "2020.07.08"]
[Round "6"]
[White "BertLisa"]
[Black "PierrotYohann"]
[Result "0-1"]
[WhiteElo "1133"]
[BlackElo "1519"]
[PlyCount "31"]
[EventDate "2020.??.??"]

1. e4 c6 2. Nf3 d5 3. exd5 cxd5 4. Nc3 Nc6 5. d4 Bg4 6. Bb5 e6 7. O-O Qb6 8.
Bxc6+ bxc6 9. Na4 Qc7 10. h3 Bh5 11. Qd3 Ne7 12. Ne5 Nf5 13. Nc5 Bxc5 14. dxc5
Qxe5 15. Re1 Qxe1+ 16. Kh2 {BertLisa a abandonné} 0-1

[Event "Champ FRA - Under 12"]
[Site "Europe Echecs"]
[Date "2020.07.08"]
[Round "6"]
[White "AvcharovLevon"]
[Black "DetrazSamuel"]
[Result "0-1"]
[WhiteElo "1075"]
[BlackElo "1509"]
[PlyCount "80"]
[EventDate "2020.??.??"]

1. g3 d5 2. Bg2 c5 3. d3 Nc6 4. Nf3 e5 5. O-O Nf6 6. c4 d4 7. Qb3 h6 8. Qa4 Bd6
9. b3 Bd7 10. Qa3 Qc8 11. Bd2 g5 12. e3 g4 13. Nh4 Be7 14. e4 Ng8 15. f4 gxf3
16. Rxf3 Bxh4 17. gxh4 b6 18. h5 Bg4 19. Rg3 Bxh5 20. Bh3 Qd8 21. Qa4 Qf6 22.
Bf5 Nge7 23. Na3 Nxf5 24. exf5 Kd7 25. Rf1 Rag8 26. Be1 Rxg3+ 27. Bxg3 Be2 28.
Re1 Bxd3 29. Rxe5 Bxf5 30. Rd5+ Ke8 31. Be5 Rg8+ 32. Kf2 Qh4+ 33. Bg3 Qf6 34.
Nb5 Be4+ 35. Ke1 Bxd5 36. cxd5 Qe7+ 37. Kd2 Qe3+ 38. Kc2 Nb4+ 39. Kb2 Qd2+ 40.
Ka1 Qc1# {AvcharovLevon est échec et mat} 0-1

[Event "Champ FRA - Under 12"]
[Site "Europe Echecs"]
[Date "2020.07.08"]
[Round "6"]
[White "MekdachiMathie"]
[Black "IlinArtem"]
[Result "0-1"]
[WhiteElo "999"]
[BlackElo "1504"]
[PlyCount "82"]
[EventDate "2020.??.??"]

1. e4 e5 2. Nc3 Nf6 3. Nf3 Nc6 4. d4 exd4 5. Nxd4 Bb4 6. Bb5 Bxc3+ 7. bxc3 O-O
8. f3 a6 9. Bxc6 dxc6 10. Be3 c5 11. Nb3 Qxd1+ 12. Rxd1 b6 13. O-O Be6 14. Bf4
c6 15. Rd6 Rac8 16. Rfd1 a5 17. e5 Nd5 18. Bg3 Nxc3 19. R1d3 Nd5 20. a3 c4 21.
R3xd5 cxd5 22. Nd4 Rfd8 23. Nxe6 fxe6 24. Rxe6 d4 25. Bh4 d3 26. cxd3 cxd3 27.
Bxd8 Rxd8 28. Rxb6 d2 29. Rb1 d1=Q+ 30. Rxd1 Rxd1+ 31. Kf2 Ra1 32. e6 Rxa3 33.
f4 Rd3 34. f5 Kf8 35. Ke2 Rd5 36. g4 a4 37. Ke3 a3 38. Ke4 Rd8 39. g5 Ke7 40.
f6+ gxf6 41. Kf5 fxg5 {MekdachiMathie a abandonné} 0-1

[Event "Champ FRA - Under 12"]
[Site "Europe Echecs"]
[Date "2020.07.08"]
[Round "6"]
[White "LeVenTelo"]
[Black "ScoupeLuca"]
[Result "1-0"]
[WhiteElo "1720"]
[BlackElo "1095"]
[PlyCount "133"]
[EventDate "2020.??.??"]

1. e4 c6 2. d4 d5 3. exd5 cxd5 4. Nc3 Nf6 5. Nf3 Nc6 6. Bb5 Bg4 7. h3 Bh5 8.
Be3 e6 9. O-O a6 10. Ba4 Bd6 11. Re1 O-O 12. Nb1 Qb6 13. Bxc6 bxc6 14. b3 Ne4
15. g4 Bg6 16. Nfd2 Rac8 17. Nxe4 Bxe4 18. Nd2 Bg6 19. c4 c5 20. dxc5 Bxc5 21.
Bxc5 Rxc5 22. cxd5 Rxd5 23. Nc4 Qb5 24. Qf3 Rfd8 25. Red1 Rxd1+ 26. Rxd1 Rxd1+
27. Qxd1 Qd5 28. Qxd5 exd5 29. Nb6 d4 30. Kf1 Bc2 31. Ke2 d3+ 32. Kd2 Kf8 33.
Nd5 Bb1 34. a3 Bc2 35. b4 Ke8 36. Nf4 Kd7 37. Nxd3 Bxd3 38. Kxd3 Kc6 39. Kc4
Kb6 40. a4 g6 41. f4 Kc6 42. b5+ axb5+ 43. axb5+ Kd6 44. h4 h5 45. g5 Kc7 46.
Kc5 Kb7 47. Kd6 Kb6 48. Ke7 Kxb5 49. Kxf7 Kc5 50. Kxg6 Kd6 51. Kxh5 Ke7 52. Kg6
Kf8 53. f5 Kg8 54. f6 Kh8 55. Kf5 Kg8 56. g6 Kf8 57. h5 Kg8 58. h6 Kh8 59. g7+
Kg8 60. Ke6 Kh7 61. Kf7 Kxh6 62. g8=Q Kh5 63. Ke6 Kh4 64. Kf5 Kh3 65. Kf4 Kh2
66. Kf3 Kh1 67. Qg2# {ScoupeLuca est échec et mat} 1-0

[Event "Champ FRA - Under 12"]
[Site "Europe Echecs"]
[Date "2020.07.08"]
[Round "6"]
[White "TallecHadrien"]
[Black "FolioThomas"]
[Result "0-1"]
[WhiteElo "1587"]
[BlackElo "1364"]
[PlyCount "58"]
[EventDate "2020.??.??"]

1. e4 c5 2. Nf3 Nc6 3. Bb5 Nd4 4. Nxd4 cxd4 5. d3 g6 6. Nd2 Bg7 7. Nf3 a6 8.
Ba4 b5 9. Bb3 e6 10. Qe2 Ne7 11. e5 Nc6 12. O-O O-O 13. Bg5 Qc7 14. Rfe1 a5 15.
a3 a4 16. Ba2 Bb7 17. Bf4 Qb6 18. Ng5 b4 19. axb4 Nxb4 20. Bc4 Qc6 21. f3 Ba6
22. Ne4 Bxc4 23. dxc4 Rfc8 24. c5 Qd5 25. Qd2 Nc6 26. Bh6 Nxe5 27. Bxg7 Kxg7
28. Qg5 Nc4 29. Qf6+ Kg8 {TallecHadrien a perdu au temps} 0-1

[Event "Champ FRA - Under 12"]
[Site "Europe Echecs"]
[Date "2020.07.08"]
[Round "6"]
[White "ParalieuMaxime"]
[Black "ReymannNathan"]
[Result "0-1"]
[WhiteElo "1569"]
[BlackElo "1330"]
[PlyCount "142"]
[EventDate "2020.??.??"]

1. d4 d5 2. c4 e6 3. Nf3 c6 4. g3 Nf6 5. Bg2 dxc4 6. O-O Bd6 7. e3 O-O 8. Qc2
b5 9. a4 Bb7 10. Nfd2 Qc7 11. b3 cxb3 12. Nxb3 Qd7 13. Na5 Ba6 14. Nxc6 Rc8 15.
Nxb8 Raxb8 16. Qe2 Rb6 17. a5 Rbb8 18. Na3 Bb7 19. Bxb7 Qxb7 20. Rb1 a6 21. Rb3
Qd5 22. Rd3 Rc7 23. Re1 Qg5 24. Nc2 Qg6 25. e4 Rbc8 26. Rd2 Nxe4 27. Qxe4 Qxe4
28. Rxe4 Rxc2 29. Rxc2 Rxc2 30. Be3 Ra2 31. d5 e5 32. Bb6 b4 33. Rc4 h6 34. Bc5
b3 35. Bxd6 b2 36. Rc8+ Kh7 37. Rb8 Ra1+ 38. Kg2 b1=Q 39. Rxb1 Rxb1 40. Bc7 Rc1
41. d6 Rd1 42. Kf3 f5 43. g4 g6 44. gxf5 gxf5 45. Ke2 Rd5 46. Ke3 Kg6 47. Kf3
Kf6 48. h4 Ke6 49. Kg3 Rxd6 50. Bxd6 Kxd6 51. Kf3 Kc5 52. Ke3 Kb5 53. Kd3 Kxa5
54. Kc4 Kb6 55. Kd5 a5 56. Kxe5 a4 57. Kd4 Kb5 58. Kc3 Ka5 59. Kc4 f4 60. f3 h5
61. Kc3 Kb5 62. Kb2 Kb4 63. Ka2 a3 64. Ka1 Kb3 65. Kb1 a2+ 66. Ka1 Kc3 67. Kxa2
Kd3 68. Kb2 Ke3 69. Kc2 Kxf3 70. Kd2 Kg2 71. Ke2 f3+ {ParalieuMaxime a
abandonné} 0-1

[Event "Champ FRA - Under 12"]
[Site "Europe Echecs"]
[Date "2020.07.08"]
[Round "6"]
[White "PerrouinAlexia"]
[Black "SanguinettiEdo"]
[Result "1-0"]
[WhiteElo "1530"]
[BlackElo "1312"]
[PlyCount "165"]
[EventDate "2020.??.??"]

1. e4 e6 2. d4 d5 3. exd5 exd5 4. Nf3 Nf6 5. Bd3 Bg4 6. O-O Be7 7. Re1 O-O 8.
c3 c6 9. Bf4 Bd6 10. Bg3 Qc7 11. Nbd2 Nbd7 12. Nf1 Bh5 13. Ne3 Bg6 14. Nf5 Bxf5
15. Bxf5 Rfe8 16. Qc2 h6 17. b3 Nh5 18. Bxd6 Qxd6 19. c4 dxc4 20. bxc4 Qc7 21.
Rad1 Nhf6 22. Qb3 Qb6 23. d5 Qxb3 24. axb3 cxd5 25. cxd5 Nb6 26. d6 Rxe1+ 27.
Rxe1 Rd8 28. Rd1 Kf8 29. Kf1 Nbd7 30. Ke2 Nc5 31. b4 Nce4 32. Bxe4 Nxe4 33. Ra1
a6 34. Nd4 Rxd6 35. Ke3 Nxf2 36. h3 Rf6 37. Nf3 Nxh3 38. gxh3 Rb6 39. Rb1 a5
40. b5 Ke7 41. Nd4 g6 42. Ra1 Kd6 43. Rxa5 Kc5 44. Ra1 Rd6 45. Rc1+ Kb6 46. Rf1
f6 47. Rg1 f5 48. Rf1 Kc5 49. Rc1+ Kb6 50. Rg1 Kc5 51. Rc1+ Kb6 52. h4 h5 53.
Rc8 Ka7 54. Rc1 Kb6 55. Rc8 Ka7 56. Rc2 Kb8 57. Rc4 Ka7 58. Kf4 Kb6 59. Ke5 Rd8
60. Rc1 Ka7 61. Nb3 Kb6 62. Nd4 Re8+ 63. Kf6 Rd8 64. Rd1 Rd6+ 65. Kg5 Kc7 66.
Kf4 Kb6 67. Ke5 Rd8 68. Rg1 Kc5 69. Ne6+ Kxb5 70. Nxd8 Kb6 71. Nxb7 Kxb7 72.
Rxg6 Kc7 73. Kxf5 Kd7 74. Kg5 Ke7 75. Kxh5 Kf7 76. Kh6 Kf8 77. h5 Kf7 78. Kg5
Kf8 79. h6 Kf7 80. h7 Kf8 81. h8=Q+ Kf7 82. Qh7+ Kf8 83. Rg8# {SanguinettiEdo
est échec et mat} 1-0

[Event "Champ FRA - Under 12"]
[Site "Europe Echecs"]
[Date "2020.07.08"]
[Round "6"]
[White "ArousstamianAl"]
[Black "SabeFlavio"]
[Result "1-0"]
[WhiteElo "1510"]
[BlackElo "1259"]
[PlyCount "43"]
[EventDate "2020.??.??"]

1. d4 Nf6 2. Bf4 e6 3. e3 d5 4. Nf3 Nc6 5. Nbd2 Bd6 6. Ne5 O-O 7. c3 Bd7 8. Bd3
h6 9. Qf3 Be7 10. Qh3 Nxe5 11. dxe5 Ne4 12. Nxe4 dxe4 13. Bxe4 Bg5 14. O-O Rb8
15. Rfd1 Bxf4 16. exf4 Qe7 17. Rd3 Bb5 18. Rg3 Rfd8 19. Qxh6 f5 20. exf6 Qxf6
21. Qxf6 Kh8 22. Qxg7# {SabeFlavio est échec et mat} 1-0

[Event "Champ FRA - Under 12"]
[Site "Europe Echecs"]
[Date "2020.07.08"]
[Round "6"]
[White "LeroySerge"]
[Black "TranKyLan"]
[Result "0-1"]
[WhiteElo "1291"]
[BlackElo "1467"]
[PlyCount "74"]
[EventDate "2020.??.??"]

1. d4 Nf6 2. c4 g6 3. f3 d5 4. cxd5 Nxd5 5. e4 Nf6 6. Nc3 Bg7 7. Bc4 O-O 8.
Nge2 b6 9. O-O Bb7 10. e5 Nd5 11. Qb3 Nxc3 12. bxc3 Nc6 13. f4 Na5 14. Qa4 Nxc4
15. Qxc4 Qd5 16. Qxd5 Bxd5 17. Ba3 Rfe8 18. f5 Bc4 19. fxg6 hxg6 20. Rf2 Bh6
21. Bc1 Bxc1 22. Rxc1 Rac8 23. Ng3 c5 24. Rd1 cxd4 25. cxd4 Red8 26. Ne4 Rd7
27. Rfd2 Rcd8 28. Kf2 Bd5 29. Nc3 Be6 30. h3 f6 31. d5 fxe5 32. Ke3 Bf7 33. d6
Rxd6 34. Rd3 Bc4 35. R3d2 Rxd2 36. Rxd2 Rxd2 37. Kxd2 Bf1 {LeroySerge a
abandonné} 0-1

[Event "Champ FRA - Under 12"]
[Site "Europe Echecs"]
[Date "2020.07.08"]
[Round "6"]
[White "GuillouPaul"]
[Black "HueberMaxime"]
[Result "1/2-1/2"]
[WhiteElo "1157"]
[BlackElo "1420"]
[PlyCount "126"]
[EventDate "2020.??.??"]

1. d4 Nf6 2. c4 g6 3. Nc3 Bg7 4. Bf4 O-O 5. Nf3 d6 6. e3 Nbd7 7. Be2 Re8 8. O-O
e5 9. dxe5 Nxe5 10. Nxe5 dxe5 11. Qxd8 Rxd8 12. Bxe5 c6 13. Rfd1 Bf5 14. Bc7
Rd7 15. Rxd7 Nxd7 16. h3 Rc8 17. Bg3 Nb6 18. Bf4 Be6 19. Rc1 Nxc4 20. Bxc4 Bxc4
21. b3 Be6 22. Na4 b6 23. Kf1 c5 24. b4 Bf8 25. bxc5 Bxc5 26. Nxc5 Rxc5 27.
Rxc5 bxc5 28. a4 c4 29. Be5 f5 30. Ke2 Kf7 31. f4 Ke7 32. Kd2 Kd7 33. Kc3 Kc6
34. Kb4 Bd5 35. g3 Kb6 36. a5+ Kc6 37. Bd4 a6 38. h4 Be6 39. Bc3 Kd5 40. Bd4
Bd7 41. Bc3 Bb5 42. Bd4 Ke4 43. Kc5 Kf3 44. Kd5 Kxg3 45. Bf6 Kf3 46. Bd4 Kg4
47. Bf6 c3 48. Bxc3 Kxh4 49. Ke6 g5 50. Bf6 Kg4 51. fxg5 f4 52. exf4 Kxf4 53.
Kf7 Bd3 54. Kg7 Ke3 55. Kh6 Kd2 56. Kg7 Kc2 57. Bd8 Kc3 58. Kh6 Kc4 59. Kg7 Kd5
60. Kf7 Ke5 61. Kg7 Kd5 62. Kf7 Ke5 63. Kg7 Kd5 {Nulle par répétition}
1/2-1/2

[Event "Champ FRA - Under 12"]
[Site "Europe Echecs"]
[Date "2020.07.08"]
[Round "6"]
[White "TureshbayevAno"]
[Black "RequenaSacha"]
[Result "1-0"]
[WhiteElo "799"]
[BlackElo "1397"]
[PlyCount "143"]
[EventDate "2020.??.??"]

1. e4 e5 2. f4 Nc6 3. Nf3 d6 4. Bb5 Bd7 5. d3 exf4 6. Bxf4 Nf6 7. O-O Be7 8.
Nc3 O-O 9. a3 a6 10. Ba4 Bg4 11. Qe1 b5 12. Bb3 Bxf3 13. Rxf3 Nd4 14. Rh3 Nxb3
15. cxb3 Ng4 16. Qg3 Qd7 17. Nd5 Rfe8 18. Nxe7+ Rxe7 19. Rh4 Nf6 20. Bh6 g6 21.
Bg5 Re6 22. Qh3 Nh5 23. d4 Qe8 24. Re1 f6 25. Bd2 c5 26. d5 Re7 27. g4 Rxe4 28.
Rxe4 Qxe4 29. gxh5 Qb1+ 30. Qf1 Qxb2 31. Bh6 g5 32. Rg4 Ra7 33. Rxg5+ Kh8 34.
Rg2 Qd4+ 35. Kh1 Rf7 36. Qe1 Qe5 37. Qxe5 fxe5 38. Kg1 e4 39. Rf2 Rxf2 40. Kxf2
Kg8 41. Ke3 Kf7 42. Kxe4 Kf6 43. Be3 a5 44. h6 Kg6 45. h4 Kf6 46. Kd3 Ke5 47.
Kc3 Kxd5 48. b4 axb4+ 49. axb4 c4 50. Bg5 Ke4 51. Be7 d5 52. Bc5 Kf5 53. Kd4
Kf4 54. Kxd5 c3 55. Bd6+ Ke3 56. Be7 Kd3 57. Bg5 c2 58. Kc5 Kc3 59. Kxb5 Kd4
60. Ka5 Kc4 61. b5 Kc5 62. b6 Kc6 63. Ka6 Kd7 64. Ka7 Kc8 65. b7+ Kd7 66. b8=Q
Ke6 67. Qd8 Kf5 68. Qd6 Kg4 69. Qf4+ Kh5 70. Be7 c1=Q 71. Qf5+ Qg5 72. Qxg5# {
RequenaSacha est échec et mat} 1-0

[Event "Champ FRA - Under 12"]
[Site "Europe Echecs"]
[Date "2020.07.08"]
[Round "6"]
[White "BerthouJules"]
[Black "MorlayeAlexand"]
[Result "1-0"]
[WhiteElo "1390"]
[BlackElo "1117"]
[PlyCount "49"]
[EventDate "2020.??.??"]

1. b3 e5 2. Bb2 Nc6 3. e3 d5 4. Nf3 Bd6 5. c4 Nf6 6. cxd5 Nxd5 7. Bc4 Be6 8.
O-O O-O 9. d4 Nf6 10. dxe5 Bxc4 11. bxc4 Bxe5 12. Nxe5 Qxd1 13. Rxd1 Nb4 14.
Nc3 Rfe8 15. Nd7 Nxd7 16. Rxd7 Rac8 17. Nd5 Nd3 18. Bc3 Kf8 19. Rxc7 Rxc7 20.
Nxc7 Rc8 21. Nd5 Rxc4 22. Rd1 Nc5 23. Bb4 Kg8 24. Nb6 Nd3 25. Nxc4 {
MorlayeAlexand a abandonné} 1-0

[Event "Champ FRA - Under 12"]
[Site "Europe Echecs"]
[Date "2020.07.08"]
[Round "6"]
[White "NoerdingerLeo"]
[Black "LangerKarele"]
[Result "1-0"]
[WhiteElo "1605"]
[BlackElo "1282"]
[PlyCount "95"]
[EventDate "2020.??.??"]

1. e4 c5 2. Nf3 e6 3. d4 cxd4 4. Nxd4 d6 5. c4 Nf6 6. Nc3 Nc6 7. Be3 Be7 8. Be2
Bd7 9. O-O O-O 10. h3 Rc8 11. Qd2 Ne5 12. b3 d5 13. exd5 exd5 14. Nxd5 Nxd5 15.
cxd5 Bf6 16. Rac1 Rxc1 17. Rxc1 Be8 18. Nf3 Nxf3+ 19. Bxf3 Bb5 20. a4 Ba6 21.
b4 b6 22. b5 Bb7 23. Qd3 Qd6 24. g3 Bc8 25. Bf4 Qd8 26. h4 Qd7 27. Rc7 Qh3 28.
Bg2 Qg4 29. d6 Re8 30. d7 Bxd7 31. Rxd7 h6 32. Rxa7 Bxh4 33. Qf3 Qxf3 34. Bxf3
Re1+ 35. Kg2 Bf6 36. Be3 Rd1 37. Be4 g6 38. Ra8+ Kg7 39. Bxb6 Rd6 40. Bc5 Rd1
41. Bf8+ Kh7 42. Ra7 Ra1 43. Rxf7+ Kg8 44. Rxf6 Rxa4 45. Bd5+ Kh8 46. Rxg6 Ra7
47. Rxh6+ Rh7 48. Rg6 {LangerKarele a perdu au temps} 1-0

[Event "Champ FRA - Under 12"]
[Site "Europe Echecs"]
[Date "2020.07.08"]
[Round "6"]
[White "GrisoniEmma"]
[Black "FrelauMatthias"]
[Result "0-1"]
[WhiteElo "1273"]
[BlackElo "1592"]
[PlyCount "66"]
[EventDate "2020.??.??"]

1. e4 d6 2. d4 Nf6 3. Nc3 g6 4. Be3 c6 5. Qd2 b5 6. a3 Qb6 7. b4 Qc7 8. Be2 a5
9. Na2 Nxe4 10. Qd3 Bf5 11. g4 Nxf2 12. gxf5 Nxd3+ 13. Bxd3 axb4 14. Nxb4 Na6
15. Nxa6 Rxa6 16. fxg6 hxg6 17. Nf3 Qb7 18. Ke2 Ra8 19. Be4 Qa6 20. Kf2 Bg7 21.
c3 Rc8 22. Bd3 Qa5 23. Bd2 c5 24. c4 Qb6 25. cxb5 c4 26. Bc2 Bxd4+ 27. Nxd4
Qxd4+ 28. Be3 Qb2 29. Bd2 Qxc2 30. Ke2 c3 31. Rad1 cxd2 32. Rxd2 Qe4+ 33. Kf1
Qxh1+ {GrisoniEmma a abandonné} 0-1

[Event "Champ FRA - Under 12"]
[Site "Europe Echecs"]
[Date "2020.07.08"]
[Round "6"]
[White "LeNeindreYael"]
[Black "HiltonMarc"]
[Result "1-0"]
[WhiteElo "1258"]
[BlackElo "1546"]
[PlyCount "165"]
[EventDate "2020.??.??"]

1. d4 d5 2. c4 dxc4 3. e3 Nf6 4. Nc3 e6 5. Nf3 c5 6. Bxc4 cxd4 7. Qxd4 Nc6 8.
Qxd8+ Nxd8 9. O-O Bb4 10. Bd2 Nc6 11. a3 Ba5 12. Rfd1 O-O 13. Re1 Rd8 14. Rad1
e5 15. Bb5 e4 16. Bxc6 bxc6 17. Nxe4 Bxd2 18. Rxd2 Rxd2 19. Nexd2 Be6 20. e4
Rb8 21. Rd1 h6 22. Rb1 Ba2 23. Rc1 Rxb2 24. Rxc6 Nxe4 25. Nf1 Nxf2 26. Rc8+ Kh7
27. Rc7 Ng4 28. h3 Nf6 29. Rxa7 Bd5 30. N1d2 Ra2 31. a4 Kg6 32. Ne5+ Kf5 33.
Ndf3 Nh5 34. Nxf7 Nf4 35. Ra5 Rxg2+ 36. Kh1 Kf6 37. Rxd5 Nxd5 38. Kxg2 Kxf7 39.
Kg3 g5 40. Kg4 Ne3+ 41. Kg3 Kf6 42. a5 h5 43. a6 Nd5 44. Nd4 Ke5 45. Nc6+ Ke4
46. a7 Nb6 47. Nb4 Ke3 48. Na6 Na8 49. Nb4 Kd4 50. Nc6+ Kd5 51. Ne7+ Ke6 52.
Nc6 Kf5 53. Nd4+ Ke4 54. Nf3 Kf5 55. Nd4+ Kg6 56. Kf2 g4 57. h4 Kf6 58. Kg3 Ke5
59. Ne2 Ke4 60. Nf4 Kf5 61. Nxh5 Nb6 62. Ng7+ Kg6 63. Ne6 Kf5 64. Nc7 Kg6 65.
a8=Q Nxa8 66. Nxa8 Kh5 67. Nc7 Kg6 68. Nd5 Kh5 69. Ne3 Kg6 70. Kxg4 Kh6 71.
Nf5+ Kg6 72. Ne7+ Kf6 73. Nd5+ Kg6 74. h5+ Kh6 75. Ne7 Kh7 76. Kg5 Kg7 77. Nf5+
Kh7 78. h6 Kh8 79. Kg6 Kg8 80. Nd6 Kh8 81. Nf7+ Kg8 82. h7+ Kf8 83. h8=Q+ {
HiltonMarc a abandonné} 1-0

[Event "Champ FRA - Under 12"]
[Site "Europe Echecs"]
[Date "2020.07.08"]
[Round "6"]
[White "EugeneNathael"]
[Black "LayadiNoha"]
[Result "1-0"]
[WhiteElo "1508"]
[BlackElo "1280"]
[PlyCount "43"]
[EventDate "2020.??.??"]

1. e4 e5 2. Nf3 Nc6 3. Bc4 Bc5 4. d3 Nf6 5. c3 d6 6. Nbd2 Be6 7. Bb3 O-O 8. Nf1
Qd7 9. Ng3 Ng4 10. O-O Nf6 11. Be3 Bb6 12. d4 Bg4 13. h3 Be6 14. d5 Bxh3 15.
dxc6 bxc6 16. gxh3 Qxh3 17. Bxb6 axb6 18. Nh2 Rad8 19. Qf3 d5 20. Qg2 Qh4 21.
Nf5 Qh5 22. Qxg7# {LayadiNoha est échec et mat} 1-0

[Event "Champ FRA - Under 12"]
[Site "Europe Echecs"]
[Date "2020.07.08"]
[Round "6"]
[White "DarrortNahia"]
[Black "CiarlettaIris"]
[Result "0-1"]
[WhiteElo "1263"]
[BlackElo "1493"]
[PlyCount "124"]
[EventDate "2020.??.??"]

1. e4 c5 2. Nf3 d6 3. c3 Nf6 4. d3 g6 5. Bg5 Bg7 6. Be2 O-O 7. h3 Nfd7 8. O-O
h6 9. Bh4 Nc6 10. Nbd2 Nde5 11. Nxe5 Nxe5 12. f4 Nc6 13. Bg4 Bxg4 14. Qxg4 h5
15. Qf3 Re8 16. f5 Ne5 17. Qe3 Qb6 18. b3 Nc6 19. Rac1 Qa5 20. f6 exf6 21. Bxf6
Qc7 22. Bxg7 Kxg7 23. Qf2 Ne5 24. Qf6+ Kg8 25. d4 Nd3 26. Rc2 cxd4 27. Qxd4 Qc5
28. Qxc5 Nxc5 29. Re1 d5 30. e5 Nd3 31. Re2 Nxe5 32. Nf3 Nxf3+ 33. gxf3 Kf8 34.
Rcd2 Rxe2 35. Rxe2 Re8 36. Kf2 Rxe2+ 37. Kxe2 Ke7 38. Ke3 Ke6 39. f4 f6 40. h4
Kd6 41. Kd4 a6 42. a3 a5 43. a4 Kc6 44. c4 dxc4 45. bxc4 b6 46. Kc3 Kc5 47. Kb3
Kd4 48. Kc2 Kxc4 49. Kb2 Kb4 50. Kc2 Kxa4 51. Kb2 b5 52. Kc3 b4+ 53. Kb2 b3 54.
Kb1 Kb4 55. Kb2 a4 56. Kb1 a3 57. Ka1 Kc3 58. Kb1 b2 59. Ka2 Kc2 60. Kxa3 b1=Q
61. Ka4 Qb6 62. Ka3 Qa5# {DarrortNahia est échec et mat} 0-1

[Event "Champ FRA - Under 12"]
[Site "Europe Echecs"]
[Date "2020.07.08"]
[Round "6"]
[White "TroadecMelusin"]
[Black "ManukyanVahan"]
[Result "0-1"]
[WhiteElo "1251"]
[BlackElo "1480"]
[PlyCount "78"]
[EventDate "2020.??.??"]

1. e4 e5 2. Nf3 Nc6 3. Bc4 Bc5 4. Nc3 Nf6 5. d3 h6 6. Be3 Bxe3 7. fxe3 d6 8. h3
Na5 9. Bb3 O-O 10. O-O c6 11. d4 Qe7 12. Qd3 Re8 13. Rae1 Nxb3 14. axb3 b5 15.
b4 a5 16. bxa5 b4 17. dxe5 dxe5 18. Na2 Rxa5 19. Qb3 Be6 20. c4 bxc3 21. Qxc3
Rxa2 22. Ra1 Nxe4 23. Qc2 Rxa1 24. Rxa1 Bd5 25. Ra4 f5 26. Nh4 Qxh4 27. b4 Qe1+
28. Kh2 Qg3+ 29. Kg1 Qe1+ 30. Kh2 Nd2 31. Qxf5 Nf1+ 32. Kg1 Nxe3+ 33. Kh2 Nxf5
34. Ra3 Qf1 35. Rg3 Nxg3 36. Kxg3 Qxg2+ 37. Kh4 g5+ 38. Kh5 Qxh3+ 39. Kg6 Re6#
{TroadecMelusin est échec et mat} 0-1

[Event "Champ FRA - Under 12"]
[Site "Europe Echecs"]
[Date "2020.07.08"]
[Round "6"]
[White "NguyenSohayb"]
[Black "RobinLucien"]
[Result "0-1"]
[WhiteElo "1473"]
[BlackElo "1265"]
[PlyCount "68"]
[EventDate "2020.??.??"]

1. e4 c6 2. d4 d5 3. Nc3 dxe4 4. Nxe4 Nf6 5. Bd3 Qxd4 6. Nxf6+ exf6 7. Nf3 Qd8
8. Be3 Be7 9. O-O Bg4 10. Be2 Nd7 11. c4 Ne5 12. Nxe5 Bxe2 13. Qxe2 fxe5 14.
Rad1 Qc7 15. f4 O-O 16. fxe5 Qxe5 17. Rd7 Bc5 18. Re1 Rfe8 19. Rd3 Re6 20. Red1
Rae8 21. R1d2 Bxe3+ 22. Rxe3 Qxe3+ 23. Qxe3 Rxe3 24. Kf2 h6 25. g3 R3e4 26. b3
Kh7 27. Rd7 Kg6 28. Rxb7 Re2+ 29. Kg1 Rxa2 30. Kf1 Rxh2 31. Rxa7 Re3 32. Rb7
Rb2 33. b4 Rc3 34. Re7 Rxc4 {NguyenSohayb a abandonné} 0-1

[Event "Champ FRA - Under 12"]
[Site "Europe Echecs"]
[Date "2020.07.08"]
[Round "6"]
[White "ZejliMehdi"]
[Black "NegreEmilie"]
[Result "0-1"]
[WhiteElo "1241"]
[BlackElo "1438"]
[PlyCount "110"]
[EventDate "2020.??.??"]

1. e4 e5 2. Nf3 Nc6 3. Bc4 Bc5 4. O-O Nf6 5. d4 Bxd4 6. Nxd4 Nxd4 7. Nc3 h6 8.
f4 Nc6 9. Nd5 O-O 10. Qf3 d6 11. fxe5 Nxd5 12. Bxd5 Nxe5 13. Qg3 Ng6 14. Qxg6
c6 15. Bxf7+ Kh8 16. Bxh6 Qb6+ 17. Kh1 Qxb2 18. Rab1 Qe5 19. Rf4 Be6 20. Qxe6
Qxe6 21. Bxe6 gxh6 22. Rxf8+ Rxf8 23. h3 b6 24. Bd7 c5 25. Rd1 Rf2 26. Ba4 Re2
27. Rxd6 Rxe4 28. Bb3 Re7 29. Rd8+ Kg7 30. Rd6 b5 31. c4 b4 32. Rc6 Re5 33.
Rc7+ Kg6 34. Rxa7 h5 35. a4 bxa3 36. Rxa3 Kg5 37. Ra2 Re1+ 38. Kh2 Re5 39. Rf2
Re3 40. Bc2 Rc3 41. g4 hxg4 42. hxg4 Kxg4 43. Rg2+ Kf4 44. Rf2+ Ke3 45. Rg2 Kd4
46. Bd3 Rxd3 47. Rg4+ Kc3 48. Rg3 Rxg3 49. Kxg3 Kxc4 50. Kf2 Kd3 51. Ke1 Kc2
52. Ke2 Kb2 53. Kd2 c4 54. Kd1 c3 55. Ke2 c2 {ZejliMehdi a abandonné} 0-1

[Event "Champ FRA - Under 12"]
[Site "Europe Echecs"]
[Date "2020.07.08"]
[Round "6"]
[White "NunesSoubeyranE"]
[Black "BOUMRARAyrad"]
[Result "0-1"]
[WhiteElo "1220"]
[BlackElo "1431"]
[PlyCount "80"]
[EventDate "2020.??.??"]

1. e4 c5 2. Nf3 Nc6 3. Nc3 g6 4. d3 Bg7 5. Be2 d6 6. O-O e5 7. Bg5 Nge7 8. Re1
O-O 9. a4 h6 10. Bxh6 Bxh6 11. Nh4 Bg7 12. Nd5 Nxd5 13. exd5 Nd4 14. Nf3 Nxf3+
15. Bxf3 f5 16. g3 f4 17. gxf4 Rxf4 18. Bg2 Qg5 19. Re4 Rxe4 20. dxe4 Bh3 21.
Qf3 Qxg2+ 22. Qxg2 Bxg2 23. Kxg2 Kf7 24. c3 Rh8 25. b4 cxb4 26. cxb4 Rc8 27. b5
Rc4 28. a5 Rxe4 29. b6 axb6 30. Rb1 bxa5 31. Rxb7+ Kf6 32. Ra7 Ra4 33. f3 Ra2+
34. Kg3 a4 35. h3 a3 36. h4 Ra1 37. Kh3 a2 38. Kg3 Rg1+ 39. Kf2 a1=Q 40. Rxa1
Rxa1 {NunesSoubeyranE a abandonné} 0-1

[Event "Champ FRA - Under 12"]
[Site "Europe Echecs"]
[Date "2020.07.08"]
[Round "6"]
[White "HorenfeldMelvi"]
[Black "LamagaSacha"]
[Result "1-0"]
[WhiteElo "1200"]
[BlackElo "1430"]
[PlyCount "121"]
[EventDate "2020.??.??"]

1. e4 e5 2. Nf3 Nc6 3. d4 exd4 4. Nxd4 Qh4 5. Be3 Qxe4 6. Nxc6 dxc6 7. Nc3 Bb4
8. Bd3 Bxc3+ 9. bxc3 Qxg2 10. Rf1 Qxh2 11. Qe2 Qe5 12. O-O-O Be6 13. Bd4 Qxe2
14. Bxe2 Nf6 15. Rg1 O-O-O 16. Rxg7 Ne4 17. Rg2 Rhg8 18. Rxg8 Rxg8 19. f3 Nd6
20. Be5 Rd8 21. Bf6 Rd7 22. Kb2 Ne8 23. Bg5 Rxd1 24. Bxd1 Kd7 25. f4 Kd6 26.
Kb1 Bf5 27. Kc1 Ng7 28. Bf6 Ne6 29. Be5+ Kd5 30. Bf3+ Be4 31. c4+ Kxc4 32. Bxe4
h5 33. Kd2 h4 34. Bd3+ Kb4 35. Ke2 Ka3 36. Bc4 b5 37. Bb3 a5 38. f5 Nc5 39.
Bxf7 Ne4 40. Ke3 Ng5 41. Be6 Kb4 42. Kf4 Nh7 43. f6 Kc5 44. f7 Nf8 45. Bh3 Kd5
46. Bg7 Ne6+ 47. Bxe6+ Kxe6 48. f8=Q h3 49. Qf5+ Kd6 50. Qxh3 Kc5 51. Qc3+ Kb6
52. Bd4+ Kb7 53. Qc5 a4 54. Qa7+ Kc8 55. Be5 Kd7 56. Qxc7+ Ke6 57. Qd6+ Kf7 58.
Qf6+ Ke8 59. Bd6 Kd7 60. Qe7+ Kc8 61. Qc7# {LamagaSacha est échec et mat} 1-0